000 00504nam a22001817a 4500
999 _c156450
_d156450
005 20190123162138.0
010 _aB-218930
020 _a8183820719
_c95.00
035 _aB-218930 B-218950, b-218947
037 _bLotus Press
082 _a613.7
100 _aPitt, Sam
245 _aHow to be fit and young/
_cby Sam Pitt
260 _aNew Delhi
_bLotus Press
_c2006
300 _a160p.
_c22cm(Pbk)
942 _2ddc
_cEN
_h613.7
_mPIT